000 00331 a2200157 4500
001 57171
020 _a8502043366
040 _cAnchieta - Pituba
100 _aVieira, Janaina
240 1 0 _aO blog da Marina
_lpor
245 1 0 _aO blog da Marina
300 _a67
362 0 _a2005
650 4 _aLiteratura juvenil
942 _cBK
999 _c57171
_d57171